00566nam a2200157 a 450000500170000000800410001702000180005805000230007610000230009924500650012226000390018744000250022650000260025199900190027795201120029620140412111325.0110128s19uu xx 00 eng d a0-89565-688-4 aTR(PS EbWh55 1988 aMoncure, Jane Belk aWhat do you do with a Grumpy Kangaroo? /cJane Belk Moncure. aU.S.A :bThe Child's world,c1988. aMagic castle readers aA book about feelings c104584d104584 001040aELbELcTRd2011-01-28eDonationl0oTR(PS E Wh55 1988pE8280r2014-04-12 00:00:00w2014-04-12yBK